000 00682nam a22002177a 4500
999 _c6546
_d6546
003 OSt
005 20200130145926.0
008 200130b ||||| |||| 00| 0 eng d
020 _a9780415996471
040 _cDDC
082 _a658.4 STR 2009
100 _aEdited by Galliers, Robert D.; Leidner, Dorothy E.
_913470
245 _aStrategic Information Management: challenges and strategies in managing information systems
250 _a4th ed.
260 _aNew York;
_bRoutledge,
_c2009
300 _axx,556p;
_bIll:
_c24.5cm
504 _aAppendix, & indices included
650 _aInformation management
_912576
650 _aStrategic planning
_912224
942 _2z
_cO_SHELF